000 00716cam a22002531 4500
001 sa 64007774
003 DLC
005 20260227112049.0
008 891120s1963 ii b 000 0 hino
010 _asa 64007774
035 _a(OCoLC)20674743
040 _aDLC
_cWaU
_dDLC
042 _apremarc
050 0 0 _aPK2098.P7
_bK3195
100 1 _aGuptā, Sureśacandra,
_d1933-
245 1 0 _aKāmāyanī-samīkshā.
260 _c[1963]
300 _a99 p.
_c18 cm.
500 _aL. C. copy imperfect: p. 9-24 repeated; p. 25-40 wanting.
500 _aIn Hindi.
504 _aBibliographical footnotes.
600 1 0 _aPrasad, Jai Shankar,
_d1889-1937.
_tKāmāyanī.
700 1 _aGupta, Rameśacandra,
_d1940-
999 _c60483
_d60483